000
00287nam a22001337a 4500
008
170503b xxu||||| |||| 00| 0 eng d
020
_a
9781422463321
041
_a
eng
080
_2
7 ED
_a
SHJ
100
_a
13
101
_a
SHJ
245
_a
CRIMINOLOGY
_c
BROWN.S.E
942
_2
udc
_c
BK
999
_c
12528
_d
12528